01535nam a2200277 450000500170000000800370001704100080005408200180006211000360008024501480011625000180026430000450028249000280032752005580035553400550091365000320096865000400100065000310104094200130107126400350108433600270111933700330114633800280117904000350120799900150124220220317001840.0170410s2014 c g 000 0 s aspa04a612.835bD37c2 aDiscovery Communications97791210aCuerpo humano al límitebel cerebro, parte 2 = Human body pushing the limitsbthe brain, part 2cDiscovery Communicationshvideodisco digital a1a. edición a1 DVD (25 minutos)bsonido, colorc12 cm aDiscovery en la escuela aLa fuerza que nos mueve proviene del órgano más poderoso del mundo: el cerebro humano. Nuestra unidad de procesamiento central genera la misma cantidad de impulsos eléctricos en un día que todos los teléfonos del mundo juntos. Gracias a imágenes de última tecnología de esta compleja y misteriosa máquina, podremos observar cómo la actividad del cerebro se acelera cuando enfrentamos situaciones peligrosas o de máximo estrés, y exploraremos sus capas más profundas para desentreñar instintos de supervivencia prehistóricos tHuman body pushing the limits : the brain : part 2142LEMBaNeuronasvVideodiscos142LEMBaSistema nerviosovVideodiscos142LEMBaCerebrovVideodiscos 2ddccDVD aBogotábMS Tv & Videosc2014 atextobtxt2rdacontent asin mediaciónbn2rdamedia avolumenbnc2rdacarrier aCO-BoRNBPbspaerdacCO-BoRNBP c8301d8301